Practical benchmarking : a manager's guide to creating a competitive advantage

Αποθηκεύτηκε σε:
Λεπτομέρειες βιβλιογραφικής εγγραφής
Κύριος συγγραφέας: Cook, Sarah 1955-
Μορφή: Βιβλίο
Γλώσσα:English
Δημοσίευση: London : Kogan Press, 1995
Θέματα:
Ετικέτες: Προσθήκη ετικέτας
Δεν υπάρχουν, Καταχωρήστε ετικέτα πρώτοι!

MARC

LEADER 00000nam a2200000 i 4500
001 1/52671
008 980316s1995 eng d
020 |a 0749422270 
035 |l 10027382 
040 |a GR-MY-UA  |b gre  |e aacr 
041 0 |a eng 
082 0 |a 658.562 
100 1 |a Cook, Sarah  |d 1955- 
245 1 0 |a Practical benchmarking :  |b a manager's guide to creating a competitive advantage /  |c Sarah Cook 
260 |a London :   |b Kogan Press,   |c 1995 
300 |a 188 p. 
504 |a Includes index 
650 0 0 |a Benchmarking (Management) 
852 |a INST  |b CHIOS  |e 19980316  |h 658.562 COO  |p 005200009717  |q 005200009717  |t BK  |y 0 
901 |a BIBL-1998-1 
909 |a Χ  |b 053845 
922 |a 2ΕΛΗ  |b 199802  |c ΤΔΕ  |d ΠΑΠΑΣΩΤΗΡΙΟΥ